Contemporary engineering economics (Record no. 2014)

000 -LEADER
fixed length control field 00571nam a22002054a 4500
001 - CONTROL NUMBER
control field 2014
003 - CONTROL NUMBER IDENTIFIER
control field BD-DhUET
008 - FIXED-LENGTH DATA ELEMENTS--GENERAL INFORMATION
fixed length control field 160220b xxu||||| |||| 00| 0 eng d
020 ## - INTERNATIONAL STANDARD BOOK NUMBER
International Standard Book Number 0130893102
040 ## - CATALOGING SOURCE
Original cataloging agency DLC
Transcribing agency DLC
Modifying agency BD-DhUET
Language of cataloging 0
082 00 - DEWEY DECIMAL CLASSIFICATION NUMBER
Classification number 658.15
Item number PAR/2002
100 1# - MAIN ENTRY--PERSONAL NAME
Personal name Park, Chan S.
245 10 - TITLE STATEMENT
Title Contemporary engineering economics
Statement of responsibility, etc. by Chan S. Park
250 ## - EDITION STATEMENT
Edition statement 3rd ed.
260 ## - PUBLICATION, DISTRIBUTION, ETC. (IMPRINT)
Place of publication, distribution, etc. New Jersey
Name of publisher, distributor, etc. Prentice Hall
Date of publication, distribution, etc. 2002
300 ## - PHYSICAL DESCRIPTION
Extent xxxi, 920 p.
Other physical details ill. (some col.), map
Dimensions 24 cm.
504 ## - BIBLIOGRAPHY, ETC. NOTE
Bibliography, etc Includes bibliographies
650 #0 - SUBJECT ADDED ENTRY--TOPICAL TERM
Topical term or geographic name as entry element Engineering economy
942 ## - ADDED ENTRY ELEMENTS (KOHA)
Koha item type General Book
Holdings
Not for loan Lost status Piece designation (barcode) Date acquired Koha item type Damaged status Source of classification or shelving scheme Withdrawn status Copy number Koha issues (times borrowed) Sublocation or collection (holding branch) Koha date last borrowed Koha full call number Shelving location Price effective from Location (home branch) Koha date last seen Koha normalized classification for sorting
  1025752014-09-16General Book   1 Central Library, BUET 658.15/PAR/2002Circulation section2014-09-16Central Library, BUET2014-09-16658_000000000000000_15PAR2002
  1025802014-09-16General Book   2 Central Library, BUET 658.15/PAR/2002Circulation section2014-09-16Central Library, BUET2014-09-16658_000000000000000_15PAR2002
  1025742014-09-16General Book   31Central Library, BUET2018-11-12658.15/PAR/2002Circulation section2014-09-16Central Library, BUET2019-04-13658_000000000000000_15PAR2002
  1025792014-09-16General Book   4 Central Library, BUET 658.15/PAR/2002Circulation section2014-09-16Central Library, BUET2014-09-16658_000000000000000_15PAR2002
  1025812014-09-16General Book   5 Central Library, BUET 658.15/PAR/2002Circulation section2014-09-16Central Library, BUET2014-09-16658_000000000000000_15PAR2002
  1025762014-09-16General Book   6 Central Library, BUET 658.15/PAR/2002Circulation section2014-09-16Central Library, BUET2014-09-16658_000000000000000_15PAR2002
  1025782014-09-16General Book   7 Central Library, BUET 658.15/PAR/2002Circulation section2014-09-16Central Library, BUET2014-09-16658_000000000000000_15PAR2002
  1025772014-09-16General Book   8 Central Library, BUET 658.15/PAR/2002Circulation section2014-09-16Central Library, BUET2014-09-16658_000000000000000_15PAR2002
  1025732014-09-16General Book   9 Central Library, BUET 658.15/PAR/2002Circulation section2014-09-16Central Library, BUET2014-09-16658_000000000000000_15PAR2002
  1025822006-06-26General Book   10 Central Library, BUET 658.15/PAR/2002Circulation section2017-04-15Central Library, BUET2017-04-15658_150000000000000_PAR_2002